Valuation Investigation Report. Made by the Secretary of the Treasury in Compliance with the Act Making Appropriations to Supply Urgent Deficiencies in Appropriations for the Fiscal Year Ending June 30, 1922, and for other Purposes, Approved Aug. 24, 1921.

Comparative prices of domestic and foreign products were gathered on Aug. 21, 1921.

Bibliographic Details
Corporate Authors: United States. Congress. Senate. Committee on Finance, ProQuest (Firm)
Format: Government Document eBook
Language:English
Published: [Place of publication not identified] : [publisher not identified], 1921-1922.
Series:U.S. Congressional Research.
Subjects:
Online Access:Connect to the full text of this electronic book

MARC

Tag First Indicator Second Indicator Subfields
LEADER 00000cam a22000001a 4500
001 in00003304591
006 m d f
007 cr bn mmmapmmp
008 100410m19211922dcu o f000 0 eng d
005 20260430205711.6
035 |a cis2007824027 
040 |a LexisNexis  |c LexisNexis  |d UtOrBLW 
043 |a n-us--- 
086 0 |a Y 4.F 49:V 24 
099 |a CMP-1922-FNS-0008 
110 1 |a United States.  |b Congress.  |b Senate.  |b Committee on Finance. 
245 1 0 |a Valuation Investigation Report. Made by the Secretary of the Treasury in Compliance with the Act Making Appropriations to Supply Urgent Deficiencies in Appropriations for the Fiscal Year Ending June 30, 1922, and for other Purposes, Approved Aug. 24, 1921. 
264 1 |a [Place of publication not identified] :  |b [publisher not identified],  |c 1921-1922. 
300 |a 1 online resource. 
336 |a text  |b txt  |2 rdacontent 
337 |a computer  |b c  |2 rdamedia 
338 |a online resource  |b cr  |2 rdacarrier 
500 |a Record is based on bibliographic data in LexisNexis U.S. Congressional Research Digital Collection (last viewed Apr. 2010). Reuse except for individual research requires license from LexisNexis. 
500 |a Print. 
520 |a Comparative prices of domestic and foreign products were gathered on Aug. 21, 1921. 
500 |a Electronic resource. 
610 1 0 |a United States.  |b Department of the Treasury. 
650 0 |a Prices. 
650 0 |a Tariff. 
655 7 |a Electronic books.  |2 local 
710 2 |a ProQuest (Firm) 
776 0 8 |i Microfiche version:   |a United States. Congress. Senate. Committee on Finance  |t Valuation Investigation Report. Made by the Secretary of the Treasury in Compliance with the Act Making Appropriations to Supply Urgent Deficiencies in Appropriations for the Fiscal Year Ending June 30, 1922, and for other Purposes, Approved Aug. 24, 1921.  |o S3344 
830 0 |a U.S. Congressional Research. 
856 4 0 |u http://proxy.library.tamu.edu/login?url=https://congressional.proquest.com/congcomp/getdoc?CRDC-ID=CMP-1922-FNS-0008  |z Connect to the full text of this electronic book  |t 0 
999 |a MARS 
999 f f |s 9b2f7a09-d42e-3835-bf23-30b461d5d7e0  |i b583dcdc-7c5d-3b28-86ca-8b7406c01dd8  |t 0 
952 f f |a Texas A&M University  |b College Station  |c Electronic Resources  |s www_evans  |d Available Online  |t 0  |e CMP-1922-FNS-0008  |h Other scheme 
998 f f |a CMP-1922-FNS-0008  |t 0  |l Available Online